1512 1499 1558 1248 1985 1783 1762 1472 1152 1853 1296 1997 1981 1838 1194 1085 1626 1899 1498 1856 1726 1174 1821 1066 1875 1329 1390 1123 1306 2000 1844 1207 1670 1655 1252 1651 1148 1467 1471 1942 1451 1517 1596 1212 1601 1403 1296 1916 1716 1133 1080 1947 1610 1196 1947 1427 1408 1240 1584 1907 1664 1630 1921 1925 1115 1606 1843 1423 1967 1534 1759 1311 1905 1171 1003 1673 1389 1627 1848 1947 1610 1158 1104 1905 1202 1984 1399 1127 1846 1793 1376 1516 1769 1074 1694 1580 1574 1757 1320 BCNSPRNW ULIB Ver.6.0+V

เปลี่ยนเป็นภาษาไทย

Change to English
 แสดงรายละเอียดบรรณานุกรม
  กลับหน้าหลัก

Brief Record : Get Marc (ISO 2709) : E-mail record : QR code < ปิดหน้าต่าง
LEADER : 00000nam 2200000uu 4500
001    13399121614
003     ULIB
008    121127s||||||||th 000 0 tha d
020    ^a9789740458531
060 04 ^aWC503.2^bค695 2551
245 00 ^aคู่มือสำหรับเภสัชกร :^bการดูแลผู้ติดเชื้อเอชไอวีและผู้ป่วยเอดส์ /^cบรรณาธิการ, ปรีชา มนทกานติกุล ... [และคนอื่นๆ]
246 30 ^aการดูแลผู้ติดเชื้อเอชไอวีและผู้ป่วยเอดส์
250    ^aพิมพ์ครั้งที่ 1
260    ^aกรุงเทพฯ :^bสมาคมเภสัชกรรมโรงพยาบาล (ประเทศไทย),^c2551
300    ^a340 หน้า :^bภาพประกอบ ;^c24 ซม.
650  7 ^aกลุ่มอาการภูมิคุ้มกันเสื่อม^xการรักษา
650  7 ^aผู้ติดเชื้อเอชไอวี^xการดูแล
650  7 ^aผู้ติดเชื้อเอชไอวี^xการรักษาด้วยยา
650  7 ^aโรคเอดส์^xการรักษาด้วยยา
650  7 ^aโรคเอดส์^xผู้ป่วย^xการดูแล
700 0  ^aปรีชา มนทกานติกุล,^eบรรณาธิการ
710 2  ^aสมาคมเภสัชกรรมโรงพยาบาล (ประเทศไทย)
945    ^p0^l0^i16761
945    ^p0^l0^i16762
995    ^aกัณชพร
999 ^a ใช้งานได้ทุกระบบ
รายการนี้ยังไม่มีแท็ก
คุณยังไม่ได้ล็อกอิน คุณสามารถมีกิจกรรมร่วมกับเว็บไซต์ได้ แต่ต้องล็อกอินก่อน ::
  ล็อกอิน

รายการสื่อสารสนเทศ

ลำดับที่ ประเภท เลขเรียก/บาร์โค้ด สถานที่ สถานะ
1. วิทยาศาสตร์การแพทย์ และสุขภาพ
วิทยาศาสตร์การแพทย์ และสุขภาพ
WC503.2 ค695 2551  
  Barcode: 16761
ห้องสมุดวิทยาเขตสวรรค์ประชารักษ์
►ส่วนจัดเก็บหนังสือเก่า สปร
บนชั้น
  ขอยืม
2. วิทยาศาสตร์การแพทย์ และสุขภาพ
วิทยาศาสตร์การแพทย์ และสุขภาพ
WC503.2 ค695 2551 ฉ.2 
  Barcode: 16762
ห้องสมุดวิทยาเขตสวรรค์ประชารักษ์
►ส่วนจัดเก็บหนังสือเก่า สปร
บนชั้น
  ขอยืม

BibComment


ยังไม่เคยถูกคอมเมนท์

คอมเมนท์ทรัพยากรรายการนี้
  คอมเมนท์: คู่มือสำหรับเภสั..


 Copyright 2026. Bcnsprnw @Library